「新(しん)」から始まる駅/停留場名 - Statistics

General Stats
  • This quiz has been taken 23 times
  • The average score is 108 of 201
Answer Stats
都道府県 Answer % Correct
大阪府 新大阪
100%
山口県 新山口
100%
青森県 新青森
95%
兵庫県 新神戸
95%
東京都 新宿
95%
北海道 | 静岡県 新富士
95%
神奈川県 新横浜
95%
北海道 | 愛媛県 | 愛知県 新川
91%
岡山県 新倉敷
91%
山形県 新庄
86%
佐賀県 新鳥栖
86%
山口県 新岩国
82%
神奈川県 新川崎
82%
北海道 新札幌
82%
山口県 新下関
82%
富山県 新高岡
82%
千葉県 新千葉
82%
京都府 | 埼玉県 新田
82%
東京都 新中野
82%
北海道 新函館北斗
82%
熊本県 新八代
82%
福岡県 新大牟田
77%
高知県 新木
77%
東京都 新宿三丁目
77%
熊本県 新玉名
77%
東京都 新橋
77%
愛知県 新安城
73%
奈良県 新大宮
73%
広島県 新尾道
73%
東京都 新木場
73%
北海道 新さっぽろ
73%
静岡県 新静岡
73%
東京都 新宿西口
73%
福島県 新白河
73%
栃木県 新栃木
73%
愛知県 新豊田
73%
千葉県 新松戸
73%
群馬県 新伊勢崎
68%
富山県 新魚津
68%
岐阜県 新鵜沼
68%
神奈川県 新大津
68%
東京都 新大塚
68%
長崎県 新大村
68%
和歌山県 新宮
68%
富山県 新黒部
68%
埼玉県 新越谷
68%
熊本県 新水前寺
68%
北海道 新千歳空港
68%
愛知県 新豊橋
68%
岩手県 新花巻
68%
熊本県 新水俣
68%
滋賀県 新旭
64%
北海道 新旭川
64%
大阪府 新今宮
64%
東京都 新大久保
64%
千葉県 新柏
64%
静岡県 新清水
64%
愛知県 新瀬戸
64%
東京都 新豊洲
64%
東京都 新日本橋
64%
広島県 新白島
64%
広島県 新広
64%
群馬県 新前橋
64%
熊本県 | 群馬県 新町
64%
東京都 新秋津
59%
東京都 新板橋
59%
栃木県 新大平下
59%
栃木県 新鹿沼
59%
東京都 新高円寺
59%
埼玉県 新古河
59%
熊本駅 新水前寺駅前
59%
埼玉県 新所沢
59%
富山県 | 東京都 新富町
59%
富山県 新富山口
59%
岐阜県 新那加
59%
兵庫県 新長田
59%
千葉県 新習志野
59%
茨城県 新守谷
59%
北海道 新夕張
59%
神奈川県 新百合ヶ丘
59%
兵庫県 新伊丹
55%
広島県 新井口
55%
千葉県 新浦安
55%
埼玉県 新河岸
55%
岐阜県 新可児
55%
千葉県 新鎌ヶ谷
55%
愛知県 新清洲
55%
兵庫県 新三田
55%
静岡県 新所原
55%
神奈川県 新高島
55%
京都府 新田辺
55%
千葉県 新船橋
55%
茨城県 新鉾田
55%
神奈川県 新松田
55%
埼玉県 新三郷
55%
大阪府 新今宮駅前
50%
静岡県 新金谷
50%
愛知県 新川橋
50%
東京都 新小岩
50%
埼玉県 新狭山
50%
長野県 新島々
50%
東京都 新宿御苑前
50%
東京都 新高島平
50%
福島県 新地
50%
千葉県 新津田沼
50%
神奈川県 新綱島
50%
北海道 新得
50%
茨城県 新取手
50%
福井県 新福井
50%
大阪府 新福島
50%
栃木県 新藤原
50%
福岡県 新飯塚
45%
大阪府 新石切
45%
広島県 新市
45%
東京都 新御徒町
45%
東京都 新御茶ノ水
45%
高知県 新改
45%
群馬県 新桐生
45%
埼玉県 新郷
45%
東京都 新小金井
45%
東京都 新小平
45%
北海道 新琴似
45%
愛知県 | 高知県 新栄町
45%
東京都 新桜台
45%
愛知県 新城
45%
福岡県 新田原
45%
山口県 新南陽
45%
石川県 新西金沢
45%
岐阜県 新羽島
45%
東京都 新馬場
45%
福井県 新疋田
45%
京都府 新祝園
45%
兵庫県 新舞子
45%
東京都 新三河島
45%
千葉県 新茂原
45%
愛知県 新守山
45%
富山県 新相ノ木
41%
東京都 新江古田
41%
兵庫県 新開地
41%
愛知県 新木曽川
41%
千葉県 新検見川
41%
神奈川県 新子安
41%
東京都 新柴又
41%
神奈川県 新杉田
41%
新潟県 新関
41%
栃木県 新高徳
41%
神奈川県 新丸子
41%
北海道 新大楽毛
36%
岐阜県 新加納
36%
大阪府 新加美
36%
北海道 | 愛知県 新川町
36%
静岡県 新蒲原
36%
福岡県 新宮中央
36%
神奈川県 新芝浦
36%
東京都 新代田
36%
岩手県 新田老
36%
富山県 新能町
36%
大阪府 新森古市
36%
千葉県 新八柱
36%
滋賀県 新八日市
36%
北海道 新吉野
36%
宮城県 新利府
36%
奈良県 新王寺
32%
大阪府 新金岡
32%
兵庫県 新在家
32%
富山県 新庄田中
32%
埼玉県 新白岡
32%
福岡県 新豊津
32%
兵庫県 新西脇
32%
福岡県 新原
32%
山梨県 新府
32%
岡山県 新西大寺町筋
27%
東京都 新整備場
27%
長崎県 新地中華街
27%
三重県 新堂
27%
大阪府 新深江
27%
愛知県 新上挙母
23%
東京都 新庚申塚
23%
熊本県 新鶴羽
23%
北海道 新道東
23%
大阪府 新家
18%
熊本県 新須屋
18%
愛知県 新日鉄前
18%
福井県 新平野
18%
富山県 新町口
18%
福岡県 新木屋瀬
14%
三重県 新正
14%
富山県 新吉久
14%
長崎県 新大工町
9%
長崎県 新中川町
9%
福岡県 新入
9%
富山県 新宮川
9%
鹿児島県 新屋敷
9%
No matching quizzes found
Score Distribution
Percent of People with Each Score
Percentile by Number Answered
Your Score History
You have not taken this quiz